[Event "DVM U20w 2022"]
[Site "Münster GER"]
[Date "2022.12.28"]
[Round "4"]
[White "Xie, Kelly"]
[Black "Strübel, Katharina"]
[Result "0-1"]
[Termination "normal"]
[Board "6.2"]
[WhiteElo "966"]
[BlackElo "1325"]
[WhiteTeam "SV Bad Oldesloe"]
[BlackTeam "SK Lehrte von 1919 e. V."]
[PlyCount "80"]
[WhiteFideId "34628444"]
[BlackFideId "16284879"]
[EventCountry "GER"]
[EventRounds "7"]
[EventType "team-swiss"]
[EventDate "2022.12.26"]

1. e4 e5 2. Nc3 Nc6 3. Bc4 Nf6 4. d3 h6 5. Nf3 Bc5 6. O-O d6 7. h3 g5 8. Re1 g4
9. hxg4 Bxg4 10. Be3 Bb6 11. Nd5 Nxd5 12. exd5 Na5 13. Bb3 Qf6 14. c3 Rg8 15.
Kf1 h5 16. Bc2 h4 17. Qd2 Bxf3 18. gxf3 Qxf3 19. Qd1 Qxd1 20. Rexd1 Bxe3 21.
fxe3 b6 22. Ba4 Ke7 23. d4 Nc4 24. dxe5 Nxe3 25. Ke2 Nxd1 26. Rxd1 Rh8 27. exd6
Kxd6 28. Kf2 Rag8 29. Rg1 h3 30. Rh1 h2 31. c4 Kc5 32. Bb3 b5 33. cxb5 Kxb5 34.
d6 cxd6 35. Bxf7 Rf8 36. Kg2 Rxf7 37. Rxh2 Rxh2 38. Kxh2 Rf2 39. Kg3 Rxb2 40.
Kf3 Rxa2 0-1

[Event "DVM U20w 2022"]
[Site "Münster GER"]
[Date "2022.12.28"]
[Round "4"]
[White "Stelter, Finja"]
[Black "Yilmaz, Zilan"]
[Result "1-0"]
[Termination "normal"]
[Board "6.3"]
[WhiteElo "1312"]
[BlackElo "696"]
[WhiteTeam "SK Lehrte von 1919 e. V."]
[BlackTeam "SV Bad Oldesloe"]
[PlyCount "81"]
[WhiteFideId "16298624"]
[BlackFideId "34640142"]
[EventCountry "GER"]
[EventRounds "7"]
[EventType "team-swiss"]
[EventDate "2022.12.26"]

1. d4 d5 2. Bf4 Bf5 3. e3 e6 4. Bd3 Bxd3 5. Qxd3 Ne7 6. Nf3 Ng6 7. Bg3 c5 8.
dxc5 Bxc5 9. Qb5 Nd7 10. Qxb7 O-O 11. O-O Nb6 12. Nbd2 Bd6 13. Bxd6 Qxd6 14.
Qa6 Rfc8 15. c3 Qe7 16. Qe2 Na4 17. Nb3 Nh4 18. Nxh4 Qxh4 19. Rfd1 Rc4 20. Rd2
Qf6 21. Rad1 Nb6 22. Rd4 Rxd4 23. Nxd4 Na4 24. Qb5 Nb6 25. b3 h6 26. Rc1 Qd8
27. c4 Rc8 28. c5 Rc7 29. Kf1 Qc8 30. Ke2 g6 31. Kd2 e5 32. Nf3 a6 33. Qxb6 Rc6
34. Qb4 e4 35. Nd4 Rf6 36. Rf1 Qg4 37. Qb8 Kh7 38. Qg3 Qc8 39. c6 a5 40. Rc1 h5
41. c7 1-0

[Event "DVM U20w 2022"]
[Site "Münster GER"]
[Date "2022.12.28"]
[Round "4"]
[White "Mohammed Dawed, Lizan"]
[Black "Daoud, Shahnaz"]
[Result "0-1"]
[Termination "normal"]
[Board "6.4"]
[WhiteElo "816"]
[BlackElo "1367"]
[WhiteTeam "SV Bad Oldesloe"]
[BlackTeam "SK Lehrte von 1919 e. V."]
[PlyCount "86"]
[WhiteFideId "34628401"]
[BlackFideId "16297750"]
[EventCountry "GER"]
[EventRounds "7"]
[EventType "team-swiss"]
[EventDate "2022.12.26"]

1. c4 Nf6 2. Nc3 e6 3. g3 d5 4. cxd5 exd5 5. Bg2 c6 6. b3 Bf5 7. d3 Bb4 8. Bd2
O-O 9. e4 Re8 10. Nge2 dxe4 11. O-O exd3 12. Nf4 Nbd7 13. Re1 Qa5 14. Rc1 Qb6
15. Na4 Qa5 16. Bxb4 Qxb4 17. Rc3 Rad8 18. Rxe8 Rxe8 19. Nxd3 Bxd3 20. Qxd3 g6
21. h4 Re1 22. Bf1 Ra1 23. Rc4 Qe1 24. Rc2 Rd1 25. Qe2 Qxe2 26. Rxe2 b5 27. Nc3
Rc1 28. Ne4 Nxe4 29. Rxe4 Kf8 30. Rd4 Nc5 31. Rd6 Ne4 32. Rd4 Nc3 33. a4 bxa4
34. Kg2 a3 35. Rc4 a2 36. Rxc6 a1=Q 37. Ra6 Qb1 38. Rd6 Rxf1 39. Rd8 Kg7 40.
Rd4 Ne4 41. Kf3 Rxf2 42. Kg4 Nf6 43. Kg5 h6# 0-1

[Event "DVM U20w 2022"]
[Site "Münster GER"]
[Date "2022.12.29"]
[Round "5"]
[White "Henninger, Claire"]
[Black "Peglau, Charis"]
[Result "1/2-1/2"]
[Termination "normal"]
[Board "1.1"]
[WhiteElo "1534"]
[BlackElo "2008"]
[WhiteClock "00:22:13"]
[BlackClock "00:36:17"]
[WhiteTeam "Karlsruher SF 1853 2"]
[BlackTeam "Schachzentrum Seeblick e. V."]
[PlyCount "47"]
[WhiteFideId "16200659"]
[BlackFideId "16219996"]
[EventCountry "GER"]
[EventRounds "7"]
[EventType "team-swiss"]
[EventDate "2022.12.26"]

1. e4 {[%clk 01:30:57]} {[%emt 00:00:03]} d6 {[%clk 01:30:56]} {[%emt
00:00:04]} 2. d4 {[%clk 01:30:15]} {[%emt 00:01:12]} g6 {[%clk 01:31:20]}
{[%emt 00:00:06]} 3. c3 {[%clk 01:25:44]} {[%emt 00:05:01]} a6 {[%clk
01:31:16]} {[%emt 00:00:34]} 4. Ne2 {[%clk 01:22:29]} {[%emt 00:03:44]} b5
{[%clk 01:30:31]} {[%emt 00:01:16]} 5. Ng3 {[%clk 01:19:52]} {[%emt 00:03:07]}
Bb7 {[%clk 01:30:23]} {[%emt 00:00:39]} 6. Bd3 {[%clk 01:17:03]} {[%emt
00:03:18]} Bg7 {[%clk 01:30:23]} {[%emt 00:00:30]} 7. a4 {[%clk 01:15:30]}
{[%emt 00:02:04]} bxa4 {[%clk 01:25:20]} {[%emt 00:05:33]} 8. Qxa4 {[%clk
01:14:11]} {[%emt 00:01:49]} Nd7 {[%clk 01:25:28]} {[%emt 00:00:22]} 9. O-O
{[%clk 01:13:19]} {[%emt 00:01:22]} e6 {[%clk 01:22:34]} {[%emt 00:03:24]} 10.
f4 {[%clk 01:11:24]} {[%emt 00:02:25]} Ngf6 {[%clk 01:16:21]} {[%emt 00:06:44]}
11. Qb3 {[%clk 01:07:24]} {[%emt 00:04:29]} Rb8 {[%clk 01:12:56]} {[%emt
00:03:54]} 12. Qc2 {[%clk 01:07:05]} {[%emt 00:00:50]} Qc8 {[%clk 01:10:15]}
{[%emt 00:03:11]} 13. Qe2 {[%clk 01:04:48]} {[%emt 00:02:47]} Ra8 {[%clk
01:06:33]} {[%emt 00:04:12]} 14. Nd2 {[%clk 01:01:24]} {[%emt 00:03:53]} O-O
{[%clk 01:06:36]} {[%emt 00:00:27]} 15. Nc4 {[%clk 00:58:14]} {[%emt 00:03:41]}
Nb6 {[%clk 01:02:33]} {[%emt 00:04:34]} 16. Na5 {[%clk 00:55:12]} {[%emt
00:03:32]} c5 {[%clk 00:57:42]} {[%emt 00:05:20]} 17. Nxb7 {[%clk 00:51:25]}
{[%emt 00:04:17]} Qxb7 {[%clk 00:57:17]} {[%emt 00:00:55]} 18. dxc5 {[%clk
00:47:23]} {[%emt 00:04:33]} dxc5 {[%clk 00:57:30]} {[%emt 00:00:17]} 19. Rxa6
{[%clk 00:43:40]} {[%emt 00:04:13]} Rxa6 {[%clk 00:48:17]} {[%emt 00:09:43]}
20. Bxa6 {[%clk 00:43:58]} {[%emt 00:00:11]} Qc6 {[%clk 00:48:12]} {[%emt
00:00:36]} 21. Bb5 {[%clk 00:41:20]} {[%emt 00:03:08]} Qc7 {[%clk 00:48:16]}
{[%emt 00:00:25]} 22. c4 {[%clk 00:37:53]} {[%emt 00:03:58]} e5 {[%clk
00:43:06]} {[%emt 00:05:40]} 23. f5 {[%clk 00:29:22]} {[%emt 00:09:00]} Nc8
{[%clk 00:36:17]} {[%emt 00:07:20]} 24. b3 {[%clk 00:22:13]} {[%emt 00:07:38]}
1/2-1/2

[Event "DVM U20w 2022"]
[Site "Münster GER"]
[Date "2022.12.29"]
[Round "5"]
[White "Peglau, Dora"]
[Black "Shevchenko, Alyona"]
[Result "1-0"]
[Termination "normal"]
[Board "1.2"]
[WhiteElo "1869"]
[BlackElo "1342"]
[WhiteClock "00:39:42"]
[BlackClock "00:08:00"]
[WhiteTeam "Schachzentrum Seeblick e. V."]
[BlackTeam "Karlsruher SF 1853 2"]
[PlyCount "65"]
[WhiteFideId "16220005"]
[BlackFideId "12983420"]
[EventCountry "GER"]
[EventRounds "7"]
[EventType "team-swiss"]
[EventDate "2022.12.26"]

1. c4 {[%clk 01:30:47]} {[%emt 00:00:11]} Nf6 {[%clk 01:30:54]} {[%emt
00:00:07]} 2. d4 {[%clk 01:30:53]} {[%emt 00:00:24]} e6 {[%clk 01:31:07]}
{[%emt 00:00:17]} 3. Nf3 {[%clk 01:31:11]} {[%emt 00:00:12]} d5 {[%clk
01:31:17]} {[%emt 00:00:20]} 4. Nc3 {[%clk 01:31:26]} {[%emt 00:00:14]} Be7
{[%clk 01:31:22]} {[%emt 00:00:26]} 5. Bf4 {[%clk 01:31:39]} {[%emt 00:00:17]}
O-O {[%clk 01:25:36]} {[%emt 00:06:16]} 6. e3 {[%clk 01:32:05]} {[%emt
00:00:04]} b6 {[%clk 01:25:45]} {[%emt 00:00:20]} 7. cxd5 {[%clk 01:32:07]}
{[%emt 00:00:28]} Nxd5 {[%clk 01:24:11]} {[%emt 00:02:04]} 8. Nxd5 {[%clk
01:32:20]} {[%emt 00:00:17]} exd5 {[%clk 01:19:13]} {[%emt 00:05:27]} 9. Rc1
{[%clk 01:28:37]} {[%emt 00:04:12]} Bb4 {[%clk 01:04:29]} {[%emt 00:15:14]} 10.
Nd2 {[%clk 01:28:28]} {[%emt 00:00:40]} c5 {[%clk 01:01:22]} {[%emt 00:03:37]}
11. dxc5 {[%clk 01:27:16]} {[%emt 00:01:42]} bxc5 {[%clk 00:58:03]} {[%emt
00:03:50]} 12. a3 {[%clk 01:27:31]} {[%emt 00:00:15]} Bxd2 {[%clk 00:57:58]}
{[%emt 00:00:35]} 13. Qxd2 {[%clk 01:27:55]} {[%emt 00:00:05]} c4 {[%clk
00:56:18]} {[%emt 00:02:11]} 14. Be2 {[%clk 01:27:52]} {[%emt 00:00:32]} Na6
{[%clk 00:52:05]} {[%emt 00:04:43]} 15. Bf3 {[%clk 01:17:55]} {[%emt 00:10:27]}
Be6 {[%clk 00:45:24]} {[%emt 00:07:11]} 16. Rd1 {[%clk 01:14:06]} {[%emt
00:04:20]} Qb6 {[%clk 00:44:59]} {[%emt 00:00:54]} 17. O-O {[%clk 01:04:42]}
{[%emt 00:09:55]} Rfd8 {[%clk 00:39:54]} {[%emt 00:05:34]} 18. Be5 {[%clk
01:02:02]} {[%emt 00:03:09]} f6 {[%clk 00:34:23]} {[%emt 00:06:02]} 19. Bd4
{[%clk 01:00:20]} {[%emt 00:02:13]} Qc6 {[%clk 00:31:20]} {[%emt 00:03:33]} 20.
Rfe1 {[%clk 00:57:49]} {[%emt 00:03:01]} Nc5 {[%clk 00:28:08]} {[%emt
00:03:41]} 21. Qc2 {[%clk 00:55:38]} {[%emt 00:02:37]} Rac8 {[%clk 00:24:16]}
{[%emt 00:04:26]} 22. Bxc5 {[%clk 00:46:35]} {[%emt 00:09:34]} Qxc5 {[%clk
00:24:34]} {[%emt 00:00:12]} 23. Rd4 {[%clk 00:46:14]} {[%emt 00:00:50]} Bf7
{[%clk 00:24:22]} {[%emt 00:00:42]} 24. Red1 {[%clk 00:45:38]} {[%emt
00:01:06]} Rd6 {[%clk 00:23:01]} {[%emt 00:01:51]} 25. e4 {[%clk 00:43:12]}
{[%emt 00:02:56]} Rcd8 {[%clk 00:20:56]} {[%emt 00:02:36]} 26. Qd2 {[%clk
00:42:34]} {[%emt 00:01:08]} Re8 {[%clk 00:15:48]} {[%emt 00:05:37]} 27. exd5
{[%clk 00:42:09]} {[%emt 00:00:55]} Red8 {[%clk 00:11:21]} {[%emt 00:04:57]}
28. Qe2 {[%clk 00:39:53]} {[%emt 00:02:45]} Kf8 {[%clk 00:09:16]} {[%emt
00:02:35]} 29. Rxc4 {[%clk 00:39:19]} {[%emt 00:01:04]} Bxd5 {[%clk 00:07:52]}
{[%emt 00:01:54]} 30. Rxc5 {[%clk 00:39:00]} {[%emt 00:00:49]} Bxf3 {[%clk
00:07:47]} {[%emt 00:00:35]} 31. Rxd6 {[%clk 00:39:14]} {[%emt 00:00:16]} Bxe2
{[%clk 00:07:36]} {[%emt 00:00:41]} 32. Rxd8 {[%clk 00:39:36]} {[%emt
00:00:06]} Ke7 {[%clk 00:08:00]} {[%emt 00:00:07]} 33. Rd4 {[%clk 00:39:42]}
{[%emt 00:00:23]} 1-0

[Event "DVM U20w 2022"]
[Site "Münster GER"]
[Date "2022.12.29"]
[Round "5"]
[White "Kuran, Olivia"]
[Black "Peglau, Mirjam"]
[Result "0-1"]
[Termination "normal"]
[Board "1.3"]
[WhiteElo "1096"]
[BlackElo "1875"]
[WhiteClock "00:10:50"]
[BlackClock "00:44:43"]
[WhiteTeam "Karlsruher SF 1853 2"]
[BlackTeam "Schachzentrum Seeblick e. V."]
[PlyCount "90"]
[WhiteFideId "16279670"]
[BlackFideId "16211138"]
[EventCountry "GER"]
[EventRounds "7"]
[EventType "team-swiss"]
[EventDate "2022.12.26"]

1. e4 {[%clk 01:30:57]} {[%emt 00:00:01]} g6 {[%clk 01:30:54]} {[%emt
00:00:08]} 2. d3 {[%clk 01:30:40]} {[%emt 00:00:47]} Bg7 {[%clk 01:31:18]}
{[%emt 00:00:06]} 3. c3 {[%clk 01:29:30]} {[%emt 00:01:40]} c5 {[%clk
01:31:24]} {[%emt 00:00:24]} 4. Be2 {[%clk 01:26:21]} {[%emt 00:03:39]} Nc6
{[%clk 01:31:44]} {[%emt 00:00:11]} 5. Bg4 {[%clk 01:25:03]} {[%emt 00:01:48]}
Nf6 {[%clk 01:31:27]} {[%emt 00:00:47]} 6. Bg5 {[%clk 01:23:09]} {[%emt
00:02:23]} Qb6 {[%clk 01:27:44]} {[%emt 00:04:13]} 7. Bc1 {[%clk 01:18:00]}
{[%emt 00:05:39]} O-O {[%clk 01:25:05]} {[%emt 00:03:10]} 8. Bh3 {[%clk
01:14:36]} {[%emt 00:03:53]} d5 {[%clk 01:22:18]} {[%emt 00:03:17]} 9. exd5
{[%clk 01:12:15]} {[%emt 00:02:51]} Nxd5 {[%clk 01:22:16]} {[%emt 00:00:33]}
10. Bxc8 {[%clk 01:08:25]} {[%emt 00:04:21]} Raxc8 {[%clk 01:21:23]} {[%emt
00:01:22]} 11. Ne2 {[%clk 01:06:43]} {[%emt 00:02:12]} Rfd8 {[%clk 01:19:51]}
{[%emt 00:02:02]} 12. Na3 {[%clk 01:03:39]} {[%emt 00:03:34]} e5 {[%clk
01:16:56]} {[%emt 00:03:25]} 13. O-O {[%clk 00:59:42]} {[%emt 00:04:27]} Qa6
{[%clk 01:13:44]} {[%emt 00:03:42]} 14. Be3 {[%clk 00:53:07]} {[%emt 00:07:05]}
Nxe3 {[%clk 01:12:46]} {[%emt 00:01:28]} 15. fxe3 {[%clk 00:53:19]} {[%emt
00:00:17]} Qxd3 {[%clk 01:13:03]} {[%emt 00:00:13]} 16. Qxd3 {[%clk 00:53:13]}
{[%emt 00:00:36]} Rxd3 {[%clk 01:13:32]} {[%emt 00:00:01]} 17. e4 {[%clk
00:51:03]} {[%emt 00:02:41]} Rd2 {[%clk 01:12:11]} {[%emt 00:01:50]} 18. Ng3
{[%clk 00:46:48]} {[%emt 00:04:44]} Rcd8 {[%clk 01:11:18]} {[%emt 00:01:24]}
19. Nc4 {[%clk 00:43:54]} {[%emt 00:03:24]} R2d3 {[%clk 01:11:27]} {[%emt
00:00:20]} 20. Rf3 {[%clk 00:41:20]} {[%emt 00:03:03]} b5 {[%clk 01:11:18]}
{[%emt 00:00:39]} 21. Ne3 {[%clk 00:40:43]} {[%emt 00:01:08]} Rd2 {[%clk
01:08:32]} {[%emt 00:03:16]} 22. Rb1 {[%clk 00:40:00]} {[%emt 00:01:14]} Ne7
{[%clk 01:05:17]} {[%emt 00:03:46]} 23. a3 {[%clk 00:38:16]} {[%emt 00:02:15]}
h5 {[%clk 01:02:59]} {[%emt 00:02:47]} 24. h3 {[%clk 00:35:19]} {[%emt
00:03:27]} Bh6 {[%clk 01:01:56]} {[%emt 00:01:33]} 25. Nef1 {[%clk 00:33:53]}
{[%emt 00:01:56]} R2d3 {[%clk 01:01:23]} {[%emt 00:01:03]} 26. Nh2 {[%clk
00:30:11]} {[%emt 00:04:13]} Bf4 {[%clk 00:59:20]} {[%emt 00:02:33]} 27. Rxd3
{[%clk 00:29:15]} {[%emt 00:01:27]} Rxd3 {[%clk 00:59:48]} {[%emt 00:00:02]}
28. Ngf1 {[%clk 00:28:26]} {[%emt 00:01:18]} f5 {[%clk 00:56:41]} {[%emt
00:03:38]} 29. Re1 {[%clk 00:25:59]} {[%emt 00:02:56]} fxe4 {[%clk 00:54:02]}
{[%emt 00:03:10]} 30. Rxe4 {[%clk 00:26:23]} {[%emt 00:00:06]} Nf5 {[%clk
00:53:56]} {[%emt 00:00:36]} 31. Re2 {[%clk 00:22:31]} {[%emt 00:04:23]} Nd6
{[%clk 00:49:16]} {[%emt 00:05:09]} 32. Rf2 {[%clk 00:18:21]} {[%emt 00:04:41]}
g5 {[%clk 00:44:28]} {[%emt 00:05:17]} 33. Rf3 {[%clk 00:15:09]} {[%emt
00:03:42]} e4 {[%clk 00:44:21]} {[%emt 00:00:37]} 34. Rf2 {[%clk 00:13:40]}
{[%emt 00:01:59]} Rd1 {[%clk 00:43:40]} {[%emt 00:01:12]} 35. Re2 {[%clk
00:10:54]} {[%emt 00:03:16]} Bxh2 {[%clk 00:43:54]} {[%emt 00:00:15]} 36. Kxh2
{[%clk 00:11:21]} {[%emt 00:00:03]} Rxf1 {[%clk 00:44:16]} {[%emt 00:00:08]}
37. Rd2 {[%clk 00:10:28]} {[%emt 00:01:23]} e3 {[%clk 00:43:08]} {[%emt
00:01:38]} 38. Re2 {[%clk 00:09:48]} {[%emt 00:01:10]} Nf5 {[%clk 00:42:44]}
{[%emt 00:00:54]} 39. g4 {[%clk 00:09:44]} {[%emt 00:00:34]} Rf2 {[%clk
00:42:57]} {[%emt 00:00:17]} 40. Rxf2 {[%clk 00:10:04]} {[%emt 00:00:10]} exf2
{[%clk 00:43:26]} {[%emt 00:00:01]} 41. Kg2 {[%clk 00:10:03]} {[%emt 00:00:31]}
hxg4 {[%clk 00:43:43]} {[%emt 00:00:13]} 42. hxg4 {[%clk 00:10:22]} {[%emt
00:00:11]} Ne3 {[%clk 00:44:04]} {[%emt 00:00:08]} 43. Kxf2 {[%clk 00:10:37]}
{[%emt 00:00:16]} Nxg4 {[%clk 00:44:15]} {[%emt 00:00:19]} 44. Kg3 {[%clk
00:10:50]} {[%emt 00:00:17]} Ne5 {[%clk 00:44:20]} {[%emt 00:00:26]} 45. b3
{[%clk 00:10:50]} {[%emt 00:00:30]} Kf7 {[%clk 00:44:43]} {[%emt 00:00:07]} 0-1

[Event "DVM U20w 2022"]
[Site "Münster GER"]
[Date "2022.12.29"]
[Round "5"]
[White "Peglau, Sarah"]
[Black "Gietzelt, Magdalena"]
[Result "1-0"]
[Termination "normal"]
[Board "1.4"]
[WhiteElo "1790"]
[BlackElo "1165"]
[WhiteClock "00:25:36"]
[BlackClock "00:48:07"]
[WhiteTeam "Schachzentrum Seeblick e. V."]
[BlackTeam "Karlsruher SF 1853 2"]
[PlyCount "99"]
[WhiteFideId "16219961"]
[BlackFideId "16298403"]
[EventCountry "GER"]
[EventRounds "7"]
[EventType "team-swiss"]
[EventDate "2022.12.26"]

1. g3 {[%clk 01:30:53]} {[%emt 00:00:05]} Nf6 {[%clk 01:30:48]} {[%emt
00:00:12]} 2. Bg2 {[%clk 01:31:04]} {[%emt 00:00:19]} e6 {[%clk 01:31:08]}
{[%emt 00:00:11]} 3. c4 {[%clk 01:29:18]} {[%emt 00:02:16]} d5 {[%clk
01:29:44]} {[%emt 00:01:53]} 4. Nf3 {[%clk 01:22:58]} {[%emt 00:06:50]} Be7
{[%clk 01:28:28]} {[%emt 00:01:46]} 5. d4 {[%clk 01:20:00]} {[%emt 00:03:28]}
O-O {[%clk 01:18:44]} {[%emt 00:10:13]} 6. O-O {[%clk 01:20:04]} {[%emt
00:00:26]} b6 {[%clk 01:17:31]} {[%emt 00:01:43]} 7. Nc3 {[%clk 01:16:04]}
{[%emt 00:04:31]} Bb7 {[%clk 01:16:51]} {[%emt 00:01:10]} 8. Ne5 {[%clk
01:08:23]} {[%emt 00:08:11]} Nbd7 {[%clk 01:14:41]} {[%emt 00:02:40]} 9. Bg5
{[%clk 01:05:05]} {[%emt 00:03:48]} Ne4 {[%clk 01:07:11]} {[%emt 00:08:00]} 10.
Bxe7 {[%clk 00:52:46]} {[%emt 00:12:49]} Qxe7 {[%clk 01:06:49]} {[%emt
00:00:52]} 11. Qc2 {[%clk 00:50:09]} {[%emt 00:03:07]} Nxe5 {[%clk 01:05:18]}
{[%emt 00:02:00]} 12. dxe5 {[%clk 00:48:40]} {[%emt 00:01:59]} Nc5 {[%clk
01:04:39]} {[%emt 00:01:09]} 13. cxd5 {[%clk 00:42:56]} {[%emt 00:06:14]} exd5
{[%clk 01:04:24]} {[%emt 00:00:45]} 14. Nxd5 {[%clk 00:43:07]} {[%emt
00:00:19]} Qxe5 {[%clk 01:02:35]} {[%emt 00:02:18]} 15. Rfd1 {[%clk 00:41:31]}
{[%emt 00:02:06]} Rad8 {[%clk 01:01:57]} {[%emt 00:01:09]} 16. Ne3 {[%clk
00:38:40]} {[%emt 00:03:21]} Be4 {[%clk 00:56:48]} {[%emt 00:05:39]} 17. Bxe4
{[%clk 00:36:00]} {[%emt 00:03:10]} Nxe4 {[%clk 00:54:12]} {[%emt 00:03:06]}
18. Rac1 {[%clk 00:34:11]} {[%emt 00:02:19]} c5 {[%clk 00:52:02]} {[%emt
00:02:40]} 19. Rxd8 {[%clk 00:27:40]} {[%emt 00:07:00]} Rxd8 {[%clk 00:52:20]}
{[%emt 00:00:12]} 20. Rd1 {[%clk 00:28:02]} {[%emt 00:00:08]} Rxd1 {[%clk
00:52:11]} {[%emt 00:00:39]} 21. Qxd1 {[%clk 00:27:48]} {[%emt 00:00:45]} h6
{[%clk 00:52:17]} {[%emt 00:00:24]} 22. Qd8 {[%clk 00:25:30]} {[%emt 00:02:48]}
Kh7 {[%clk 00:52:18]} {[%emt 00:00:29]} 23. Qd3 {[%clk 00:25:46]} {[%emt
00:00:14]} g6 {[%clk 00:48:35]} {[%emt 00:04:14]} 24. Ng4 {[%clk 00:23:54]}
{[%emt 00:02:22]} Qf5 {[%clk 00:47:49]} {[%emt 00:01:16]} 25. Qxe4 {[%clk
00:23:54]} {[%emt 00:00:30]} a5 {[%clk 00:45:41]} {[%emt 00:02:38]} 26. Qxf5
{[%clk 00:23:40]} {[%emt 00:00:45]} gxf5 {[%clk 00:45:12]} {[%emt 00:00:59]}
27. Ne5 {[%clk 00:24:01]} {[%emt 00:00:08]} Kg7 {[%clk 00:45:18]} {[%emt
00:00:24]} 28. Nd7 {[%clk 00:24:23]} {[%emt 00:00:08]} b5 {[%clk 00:45:21]}
{[%emt 00:00:27]} 29. Nxc5 {[%clk 00:24:47]} {[%emt 00:00:06]} Kf6 {[%clk
00:44:48]} {[%emt 00:01:03]} 30. Kg2 {[%clk 00:25:10]} {[%emt 00:00:07]} Ke5
{[%clk 00:45:01]} {[%emt 00:00:17]} 31. Kf3 {[%clk 00:25:24]} {[%emt 00:00:16]}
Kd4 {[%clk 00:45:04]} {[%emt 00:00:27]} 32. Nb3 {[%clk 00:25:47]} {[%emt
00:00:07]} Kc4 {[%clk 00:45:09]} {[%emt 00:00:26]} 33. Nxa5 {[%clk 00:26:09]}
{[%emt 00:00:08]} Kb4 {[%clk 00:45:22]} {[%emt 00:00:06]} 34. Nb3 {[%clk
00:26:08]} {[%emt 00:00:42]} Kc4 {[%clk 00:45:34]} {[%emt 00:00:18]} 35. Kf4
{[%clk 00:26:29]} {[%emt 00:00:10]} b4 {[%clk 00:45:31]} {[%emt 00:00:32]} 36.
Kxf5 {[%clk 00:26:43]} {[%emt 00:00:16]} Kd5 {[%clk 00:45:49]} {[%emt
00:00:11]} 37. e4 {[%clk 00:26:04]} {[%emt 00:01:11]} Kd6 {[%clk 00:45:55]}
{[%emt 00:00:23]} 38. Kf6 {[%clk 00:26:30]} {[%emt 00:00:04]} h5 {[%clk
00:46:05]} {[%emt 00:00:20]} 39. f4 {[%clk 00:26:45]} {[%emt 00:00:15]} Kd7
{[%clk 00:46:27]} {[%emt 00:00:07]} 40. Kxf7 {[%clk 00:27:10]} {[%emt
00:00:06]} Kd6 {[%clk 00:46:34]} {[%emt 00:00:22]} 41. e5 {[%clk 00:27:35]}
{[%emt 00:00:06]} Kd5 {[%clk 00:46:36]} {[%emt 00:00:28]} 42. e6 {[%clk
00:27:56]} {[%emt 00:00:08]} Ke4 {[%clk 00:46:54]} {[%emt 00:00:12]} 43. e7
{[%clk 00:28:11]} {[%emt 00:00:15]} Kf3 {[%clk 00:47:03]} {[%emt 00:00:21]} 44.
e8=Q {[%clk 00:28:31]} {[%emt 00:00:10]} h4 {[%clk 00:47:14]} {[%emt 00:00:20]}
45. Nd4 {[%clk 00:28:43]} {[%emt 00:00:17]} Kg2 {[%clk 00:47:23]} {[%emt
00:00:21]} 46. Qe2 {[%clk 00:26:57]} {[%emt 00:02:16]} Kh3 {[%clk 00:47:41]}
{[%emt 00:00:12]} 47. Ne6 {[%clk 00:26:26]} {[%emt 00:01:00]} hxg3 {[%clk
00:47:42]} {[%emt 00:00:29]} 48. Ng5 {[%clk 00:25:22]} {[%emt 00:01:34]} Kh4
{[%clk 00:48:01]} {[%emt 00:00:10]} 49. h3 {[%clk 00:25:36]} {[%emt 00:00:17]}
g2 {[%clk 00:48:07]} {[%emt 00:00:24]} 50. Qg4# {[%emt 00:00:06]} 1-0